Statistics for Quentin Tarantino's Collaborators

Click here to take the quiz!

General Stats

  • This quiz has been taken 22 times
  • The average score is 13 of 15

Answer Stats

Answer% Correct
Al Pacino
100%
Brad Pitt
100%
Bruce Willis
100%
John Travolta
100%
Leonardo DiCaprio
100%
Robert De Niro
100%
Samuel L. Jackson
100%
Uma Thurman
100%
Jamie Foxx
95%
Margot Robbie
95%
Michael Fassbender
89%
Harvey Keitel
68%
Kurt Russell
68%
Dakota Fanning
63%
Kerry Washington
21%

Score Distribution

Percentile by Number Answered

Percent of People with Each Score

Your Score History

You have not taken this quiz